Rail Roads / (Record no. 37982)

MARC details
000 -LEADER
fixed length control field 00644nam a22002057a 4500
005 - DATE AND TIME OF LATEST TRANSACTION
control field 20100727160919.0
010 ## - LCCN (DPL NO)
LC control number ENG-96952
020 ## - INTERNATIONAL STANDARD BOOK NUMBER
International Standard Book Number 8184231245
Terms of availability 70.00
020 ## - INTERNATIONAL STANDARD BOOK NUMBER
International Standard Book Number 9788184231243
Terms of availability 70.00
035 ## - SYSTEM CONTROL NUMBER
System control number EN-80485
037 ## - SOURCE OF ACQUISITION
Source of stock number/acquisition DBAD/PUB
082 ## - DEWEY DECIMAL CLASSIFICATION NUMBER
Classification number 881
100 ## - MAIN ENTRY--PERSONAL NAME
Personal name Koladi, Samson J.
245 ## - TITLE STATEMENT
Title Rail Roads /
Statement of responsibility, etc by Samson J. Koladi
260 ## - PUBLICATION, DISTRIBUTION, ETC. (IMPRINT)
Place of publication, distribution, etc Thrissur
Name of publisher, distributor, etc Green Books
Date of publication, distribution, etc 2008
270 ## - ADDRESS
Address Little road, Ayyanthole
City Thrissur
Postal code 680003
300 ## - PHYSICAL DESCRIPTION
Extent 118 p.
Dimensions 24cm (Pbk)
942 ## - ADDED ENTRY ELEMENTS (KOHA)
Source of classification or shelving scheme Dewey Decimal Classification
Item type English Books
Classification part 881
Call number suffix KOL
Holdings
Withdrawn status Lost status Not for loan Collection code Home library Current library Date acquired Cost, normal purchase price Full call number Barcode Copy number Cost, replacement price Koha item type
    Not For Loan Non-fiction D.B.Act.Division D.B.Act.Division 27/07/2010 70.00 881 KOL EN-80485 1 70.00 English Books

© Delhi Public Library
Hit Counter
free hit counter